书目信息 |
| 题名: |
机床夹具图册
|
|
| 作者: | 孙已德 主编 | |
| 分册: | ||
| 出版信息: | 北京 机械工业出版社 1992.5 |
|
| 页数: | 64页 | |
| 开本: | 26×37cm | |
| 丛书名: | ||
| 单 册: | ||
| 中图分类: | TG75-64 | |
| 科图分类: | 78.396074 | |
| 主题词: | ||
| 电子资源: | ||
| ISBN: | 7-111-00265-2 | |
| 000 | 00666nam0 2200253 450 | |
| 001 | 100816211758.0 | |
| 005 | 20101105175730.0 | |
| 010 | @a7-111-00265-2@dCNY2.5 | |
| 011 | @a7-111-00265-2 | |
| 020 | @aCN@b92010338 | |
| 100 | @a20021229d1992 em y0chiy0121 ea | |
| 101 | 0 | @achi |
| 102 | @aCN@b110000 | |
| 105 | @aa z 000yy | |
| 106 | @ar | |
| 200 | 1 | @a机床夹具图册@9Ji Chuang Jia;Ga Ju Tu Ce @f孙已德主编 |
| 210 | @a北京@c机械工业出版社@d1992.5 | |
| 215 | @a64页@d26×37cm | |
| 300 | @a高等学校试用教材 | |
| 690 | @aTG75-64 | |
| 692 | @a78.396074@v3 | |
| 701 | 0 | @a孙已德@4主编 |
| 801 | 0 | @aCN@b91MARC@c20130904 |
| 905 | @aBZT@dTG75-64@e1@f1@sTG75-64/1 | |
| 机床夹具图册/孙已德主编.-北京:机械工业出版社,1992.5 |
| 64页;26×37cm |
| 高等学校试用教材 |
| ISBN 7-111-00265-2:CNY2.5 |
| ● |
| 相关链接 |
|
|
|
正题名:机床夹具图册
索取号:TG75-64/1
 
预约/预借
| 序号 | 登录号 | 条形码 | 馆藏地/架位号 | 状态 | 备注 |
| 1 | 2000034789 | 2000034789 | 旧书回溯/ [索取号:TG75-64/1] | 在馆 |